000 00785nam a2200241 i 4500
001 000032320
003 DO-SdBNP
005 20230530155051.0
007 ta
008 110714s1925 dr 000 0 spa d
040 _aDO-SdBNP
_bspa
_cBNPHU
_erda
049 _aBNPD
082 4 _222
245 0 0 _aMemoria correspondiente al año 1924, que al ciudadano presidente de la república presenta el señor Andrés Pastoriza, secretario de Estado de Fomento y Comunicanciones.
264 _aSanto Domingo :
_bImp. de J. R. Vda. García,
_c1925.
300 _a108 páginas ;
_c27 cm.
336 _2rdacontent
_atexto
_btxt
337 _2rdamedia
_asin mediación
_bn
338 _2rdacarrier
_avolumen
_bnc
590 _aInventariado, 2023/BT
910 _aBtavárez
942 _2ddc
_cLBS1
999 _c31811
_d31811